| 000 | 00496nam a22001457a 4500 | ||
|---|---|---|---|
| 082 | _aBESE-1 FAR | ||
| 100 |
_aMuhammad Faraz _993159 |
||
| 245 | _aA web based financial management system: Report, user manual & installation manual | ||
| 260 |
_aIslamabad _bNUST-SEECS _c2014 |
||
| 300 | _a91p. : | ||
| 500 | _aSupervisor:Dr. Zahid Anwar | ||
| 700 |
_aMuhammad Faraz Khan, Ali Ashraf Khzimi, Ali Haider _993160 |
||
| 856 | _uhttp://10.250.8.41:8080/xmlui/handle/123456789/7975 | ||
| 942 |
_cPR _2ddc |
||
| 999 |
_c12926 _d12926 |
||